000 01218nam a22003737a 4500
001 0007033
003 KOHA_MİRAKIL
005 20260207001543.0
007 ta
008 090814b1975 tu |||gr||||#0|||1|tur |
020 _c0,01
040 _aTR-BiSEU
_btur
_cTR-BiSEU
_erda
041 0 _atur
044 _ctu
050 _aPL248.O33
_bA31 1975
100 1 _aOkay, Orhan.
245 1 _aBatı medeniyeti karşısında Ahmed Midhat Efendi/
_cOrhan Okay ; Orhan Okay.
264 1 _aAnkara :
_bAtatürk Üniversitesi
_c1975
300 _a431 sayfa
336 _ametin
_btxt
_2rdacontent
337 _aaracısız
_bn
_2rdamedia
338 _acilt
_bnc
_2rdacarrier
490 1 _aAtatürk Üniversitesi yayınları ;
_vno: 429.
490 1 _aEdebiyat Fakültesi yayın ;
_vno: 86.
490 1 _aAraştırma ;
_vno: 66.
500 _aKaynakça var.
650 0 _aAhmed Midhat, 1844-1912--Criticism and interpretation.
_917358
650 0 _aAhmed Midhat, 1844-1912--Kritik ve yorum.
_917359
830 1 _aAtatürk Üniversitesi yayınları ;
_vno: 429.
_916569
830 1 _aEdebiyat Fakültesi yayın ;
_vno: 86.
_917360
830 1 _aAraştırma ;
_vno: 66.
_916699
907 _aRoman
942 _2lcc
_cBK
999 _c7014
_d7014